00957nam a2200253 i 4500001000300000245013400003246003000137260004600167300004700213500006100260504003700321650003300358650002100391650002600412700002800438700002600466830002200492020001500514040000800529041001100537080001600548008004100564856009800605bg00aStratigraphy.nP. 3b,pCainozoic, Quaternary /cJózef Edward Mojski ; [transl. from Pol. Jerzy Dłutek] ; Geological Institute.0 iTyt. oryg.:aStratygrafia aWarsaw :bWydawnictwa Geologiczne,c1985. a244, [4] s. :bmapy, rys., wykr. ;c25 cm. aPrzeróbka pracy zbiorowej : [Kenozoik, czwartorzęd]. aBibliogr. s. 202-228. - Indeksy. 9aGeologia historycznazPolska 9aKenozoikzPolska 9aCzwartorzędzPolska1 aMOJSKI, Józef Edward.1 aDŁUTEK, Jerzy.eTł. aGeology of Poland a8322002505 cBPK1 aenhpl a551.79(438) s pl f |000 0 pol  uhttp://koha.tu.koszalin.pl/cgi-bin/koha/opac-detail.pl?biblionumber=31417yKatalog online BPK